Destinations out of GMP (Seoul Gimpo) - Statistics

General Stats
  • This quiz has been taken 22 times
  • The average score is 22 of 42
Answer Stats
Airline Destination % Correct
Air Busan Jeju
93%
Air Seoul Jeju
93%
Asiana Airlines Jeju
93%
Eastar Jet Jeju
93%
Jeju Air Jeju
93%
Jin Air Jeju
93%
Korean Air Jeju
93%
T'way Air Jeju
93%
Air Busan Busan
87%
Jeju Air Busan
87%
Jin Air Busan
87%
Korean Air Busan
87%
Air China Beijing-Capital
53%
Asiana Airlines Beijing-Capital
53%
Korean Air Beijing-Capital
53%
All Nippon Airways (ANA) Tokyo-Haneda
53%
Asiana Airlines Tokyo-Haneda
53%
Japan Airlines Tokyo-Haneda
53%
Korean Air Tokyo-Haneda
53%
Asiana Airlines Gwangju
47%
Asiana Airlines Osaka-Kansai
40%
Jeju Air Osaka-Kansai
40%
Korean Air Osaka-Kansai
40%
Peach Aviation Osaka-Kansai
40%
China Airlines Taipei-Songshan
33%
Eastar Jet Taipei-Songshan
33%
EVA Air Taipei-Songshan
33%
T'way Air Taipei-Songshan
33%
Jin Air Ulsan
33%
Korean Air Ulsan
33%
China Southern Airlines Beijing-Daxing
27%
Jeju Air Kaohsiung
27%
Tigerair Taiwan Kaohsiung
27%
T'way Air Kaohsiung
27%
Peach Aviation Nagoya-Centrair
27%
Asiana Airlines Shanghai-Hongqiao
27%
China Eastern Airlines Shanghai-Hongqiao
27%
Korean Air Shanghai-Hongqiao
27%
Asiana Airlines Yeosu
27%
Jin Air Yeosu
27%
Jin Air Pohang-Gyeongju
20%
Jin Air Sacheon
20%
No matching quizzes found
Score Distribution
Percent of People with Each Score
Percentile by Number Answered
Your Score History
You have not taken this quiz